|
|
|
|
| LEADER |
01513nam a2200385 4500 |
| 001 |
ocn980345062 |
| 003 |
OCoLC |
| 005 |
20180501122035.0 |
| 006 |
m o d |
| 007 |
cr cnu---unuuu |
| 008 |
170331s2017 maua ob 001 0 eng d |
| 040 |
|
|
|a OPELS
|b eng
|e rda
|e pn
|c OPELS
|d OCLCF
|d GrThAP
|
| 020 |
|
|
|a 9780128120910
|q (print)
|
| 035 |
|
|
|a (OCoLC)980345062
|
| 050 |
|
4 |
|a QC793.2
|
| 082 |
0 |
4 |
|a 539.7/2112
|2 23
|
| 049 |
|
|
|a TEFA
|
| 245 |
0 |
0 |
|a Advances in imaging and electron physics.
|n Volume 199 /
|c edited by Peter W. Hawkes.
|
| 264 |
|
1 |
|a Cambridge, MA :
|b Academic Press is an imprint of Elsevier,
|c [2017]
|
| 300 |
|
|
|a 1 online resource (xiii, 309 pages) :
|b illustrations (some color).
|
| 336 |
|
|
|a text
|b txt
|2 rdacontent
|
| 337 |
|
|
|a computer
|b c
|2 rdamedia
|
| 338 |
|
|
|a online resource
|b cr
|2 rdacarrier
|
| 490 |
0 |
|
|a Advances in imaging and electron physics,
|x 1076-5670 ;
|v Volume 199
|
| 504 |
|
|
|a Includes bibliographical references at the end of each chapters and index.
|
| 588 |
0 |
|
|a Online resource; title from PDF title page (ScienceDirect, viewed March 31, 2017).
|
| 650 |
|
0 |
|a Electrons.
|
| 650 |
|
0 |
|a Image processing.
|
| 650 |
|
0 |
|a Electronics.
|
| 650 |
|
7 |
|a Electronics.
|2 fast
|0 (OCoLC)fst00907538
|
| 650 |
|
7 |
|a Electrons.
|2 fast
|0 (OCoLC)fst00907642
|
| 650 |
|
7 |
|a Image processing.
|2 fast
|0 (OCoLC)fst00967501
|
| 655 |
|
4 |
|a Electronic books.
|
| 700 |
1 |
|
|a Hawkes, P. W.,
|e editor.
|
| 856 |
4 |
0 |
|u https://www.sciencedirect.com/science/bookseries/10765670/199
|z Full Text via HEAL-Link
|